Statistics for Heaviest Smoking US States

Click here to take the quiz!

General Stats

  • This quiz has been taken 83 times
  • The average score is 8 of 10

Answer Stats

Smoking Rate (%)State% Correct
30.2Kentucky
88%
23.6Tennessee
85%
27.0Mississippi
84%
23.2Michigan
79%
25.0Ohio
79%
24.7Indiana
75%
24.1Louisiana
75%
29.9West Virginia
75%
25.2Oklahoma
71%
24.7Missouri
68%

Score Distribution

Percentile by Number Answered

Percent of People with Each Score

Your Score History

You have not taken this quiz